Rock bands by musics - Statistics

General Stats
  • This quiz has been taken 720 times
  • The average score is 10 of 37
Answer Stats
Hint Answer % Correct
Song 2 Blur
70%
The Pretender Foo Fighters
67%
The man who sold the world Nirvana
63%
Run to The Hills Iron Maiden
61%
School's Out Alice Cooper
60%
Toxicity System of a Down
56%
And Justice for All Metallica
55%
I Wanna Rock Twisted Sister
47%
Sunshine of Your Love Cream
45%
Brain Stew Green Day
45%
Bulls on Parade Rage Against The Machine
44%
Twist and Shout The Beatles
40%
Like a Stone Audioslave
37%
Thanks for the Memories Fall Out Boy
37%
Animal I Have Become Three Days Grace
30%
Through the Fire and the Flames Dragonforce
29%
I Believe in a Thing Called Love The Darkness
27%
Castle of Glass Linkin Park
25%
Overkill Motorhead
22%
Hush Deep Purple
20%
Cult of Personality Living Colour
20%
Dreamer Ozzy Osbourne
15%
Savin' Me Nickelback
11%
Happy? Mudvayne
10%
Touch of Evil Judas Priest
9%
Saturday Night Special Lynyrd Skynyrd
7%
Easily Red Hot Chili Peppers
7%
Online Songs Blink-182
6%
Some kind of Wonderful Grand Funk Railroad
6%
(Can't Get My) Head around You The Offspring
5%
Juicebox The Strokes
5%
I Believe in Miracles Ramones
4%
Que país é esse? Legião Urbana
2%
Deep Blue Angra
1%
Dr. Phibes Rises Again Misfits
1%
Mascara Pitty
1%
3's & 7's The Queens Of Stone Age
0%
No matching quizzes found
Score Distribution
Percent of People with Each Score
Percentile by Number Answered
Your Score History
You have not taken this quiz